02113nam a2200325 a 4500001000200000003000400002005001700006007000300023008004100026020001800067040002500085082002500110100002700135245009600162260003400258300003400292490002000326504003200346505102300378590002601401650003201427650002701459700002801486710008901514830002001603910001501623942001201638952012001650999001701770 OSt20220127122104.0ta150408e2014 dr ad 001 0 spa d a9789945580211 aDO-SdBNPbspacBPMSU a372.7bU76m 20142221 aUribe, Leonidas Rafael10aMatemática hoy II /cJesús Alberto de la Cruz; corrección y estilo Luisa Hernández  aSanto Domingo :bUAPA,c2014. axiv, 270 p. :bil., ;c28 cm.1 aAutoaprendizaje aBibliografía : p. 223-2240 gUnidad modular no. 1tLenguaje de conjuntos --gUnidad modular no. 2tIntroducción a los intervalos y desigualdades --gTema modular no. 1tDesiguldades --gUnidad modular no. 3tEcuaciones e inecuaciones de primer y segundo grado en una variable --gTema modular no. 1tInecuaciones lineales y de segundo grado --gUnidad modular no. 4tEcuaciones e inecuaciones lineales en dos variables --gUnidad modular no. 5tSistemas de ecuacuaciones e inecuaciones en dos variables --gTema modular no. 1tSistema de inecuaciones en dos variables --gUnidad modular no. 6tVectores, matrices y determinantes --gTema modular no. 1tVectores y su geometría --gTema modular no. 2tMatrices y sus generalidades --gTema modular no. 3tDeterminantes --gTema modular no. 7tRelaciones y funciones --gTema modular no. 1tIntroducción al analisis de funciones --gTema modular no. 2tRepresentación gráfica de funciones de valores reales --gTema modular no. 3tTeorema del residuo y teorema del factor --tSolucionario. 6Inventariado, 2022/VM 4a MatematicasxEnseñanzas  4aEducación primaria. 1 a Hernández, Luisa e 2 aUniversidad Abierta para Adultos (Santiago de los Caballeros, Republica Dominicana) 0aAutoaprendizaje aVMateo V.  2ddccBK 00102ddc40708CEaBPMETbBPMETd2022-01-27oBPMSU CDE 372.7 U76m 2014pBPMSU22010078r2022-01-27w2022-01-27yBK c13985d13985